Исследование, разработка и внедрение прогрессивной техники и технологии бурения геологоразведочных скважин в условиях ПГО "Запсибгеология" с целью повышения производительности труда и качества работ: отчет о НИР (заключительный); Тема : х/д 2-36/81

Бібліографічні деталі
Співавтор: Томский политехнический институт (ТПИ) (595)
Інші автори: Сулакшин С. С. Степан Степанович (руководитель), Кривошеев В. В. Владимир Васильевич (исполнитель), Дельва В. А., Игнатенко Л. Л., Нейштетер И. А., Онищенко В. Л., Спиридонов Б. И. Борис Иванович, Чубик П. С. Петр Савельевич
Мова:Російська
Опубліковано: Томск, 1985
TOC:Тема : х/д 2-36/81;
Предмети:
Формат: Книга
KOHA link:https://koha.lib.tpu.ru/cgi-bin/koha/opac-detail.pl?biblionumber=154257

MARC

LEADER 00000nbm0a2200000 4500
001 154257
005 20231101221741.0
029 0 0 |a SU  |b 01830018705  |f ТПУ 
035 |a (RuTPU)RU\TPU\book\167324 
090 |a 154257 
100 |a 20090225d1985 k y0rusy50 ca 
101 0 |a rus 
102 |a RU 
105 |a a p 001zy 
200 1 |a Исследование, разработка и внедрение прогрессивной техники и технологии бурения геологоразведочных скважин в условиях ПГО "Запсибгеология" с целью повышения производительности труда и качества работ  |e отчет о НИР (заключительный)  |f Томский политехнический институт (ТПИ) ; науч. рук. С. С. Сулакшин ; отв. исполн. В. В. Кривошеев ; исполн. В. А. Дельва [и др.] 
210 |a Томск  |d 1985 
215 |a 166 л. 
320 |a Библиогр.: л. 103. 
464 |t Тема : х/д 2-36/81 
606 |a Геологоразведочные работы  |x Внедрение передовой технологии и техники  |2 stltpush  |3 (RuTPU)RU\TPU\subj\6134  |9 34091 
610 1 |a отчеты о НИР 
610 1 |a горное дело 
610 1 |a технология бурения 
610 1 |a направленное бурение 
610 1 |a промывочные растворы 
610 1 |a специальные снаряды 
675 |a 550.8.02:658.5(04)  |v 3 
702 1 |a Сулакшин  |b С. С.  |c российский геолог  |c Заслуженный профессор Томского политехнического университета  |f 1919-2011  |g Степан Степанович  |2 stltpush  |3 (RuTPU)RU\TPU\pers\13908  |4 673 
702 1 |a Кривошеев  |b В. В.  |c российский геолог  |c профессор Томского политехнического университета  |f 1948-  |g Владимир Васильевич  |2 stltpush  |3 (RuTPU)RU\TPU\pers\21972  |4 677  |9 9291 
702 1 |a Дельва  |b В. А.  |4 677 
702 1 |a Игнатенко  |b Л. Л.  |4 677 
702 1 |a Кривошеев  |b В. В.  |c российский геолог  |c профессор Томского политехнического университета  |f 1948-  |g Владимир Васильевич  |2 stltpush  |3 (RuTPU)RU\TPU\pers\21972  |4 677  |9 9291 
702 1 |a Нейштетер  |b И. А.  |4 677 
702 1 |a Онищенко  |b В. Л.  |4 677 
702 1 |a Спиридонов  |b Б. И.  |c российский геолог  |c декан ГРФ Томского политехнического университета  |c выпускник Томского политехнического института 1958 г.  |f 1935-1999  |g Борис Иванович  |2 stltpush  |3 (RuTPU)RU\TPU\pers\27735  |4 677 
702 1 |a Сулакшин  |b С. С.  |c российский геолог  |c Заслуженный профессор Томского политехнического университета  |f 1919-2011  |g Степан Степанович  |2 stltpush  |3 (RuTPU)RU\TPU\pers\13908  |4 677 
702 1 |a Чубик  |b П. С.  |c российский геолог  |c профессор, ректор Томского политехнического университета (с 2008 г.)  |f 1954-  |g Петр Савельевич  |2 stltpush  |3 (RuTPU)RU\TPU\pers\24546  |4 677 
712 0 2 |a Томский политехнический институт (ТПИ)  |c (1944-1991)  |2 stltpush  |3 (RuTPU)RU\TPU\col\1123  |4 595 
801 1 |a RU  |b 63413507  |c 20090225  |g PSBO 
801 2 |a RU  |b 63413507  |c 20180416  |g RCR 
942 |c BK